000 00516nam a2200193Ia 4500
005 20250508151538.0
008 008 250505s9999 xx 000 0 eng d
037 _aTextual
040 _aFEDL
_beng
_cFEDL
041 _aeng
_2eng
084 _a372.1, ADL
_qFEDL
100 _aAdler Alfred
_987983
245 0 _aEducation of children
260 _aLondon, UK
_bGeogre Allen and Unwin Ltd
_c1935
300 _a309p
365 _aINR
_b10
942 _cTEXL
_h372.1, ADL
999 _c1330526
_d1330526